LEADER 01547nam a2200349 a 4500 001 000000175682 003 CaOOAMICUS 005 20230202094457.0 008 230202s2022 it u000 u ita r 020 $a978-88-10-22195-2* 032 $aLibriCat 040 $aPUL$bita 041 1 $aita$heng 082 04$a221.6 100 1 $aSka, Jean Louis,$cS.I.,$d1946-$0(OLS)http://pul/name/681 240 10$aOur Father have told us. Introduction to the analysis of Hebrew narratives.$lItaliano.$0(OLS)http://pul/title/167237 245 13$a"I nostri Padri ci hanno raccontato" :$bintroduzione all'analisi dei racconti dell'Antico Testamento /$cJean-Louis Ska. 250 $a2a ed. 260 $aBologna :$bEDB,$cİ2022. 300 $a212 p. ;$c21 cm 490 1 $aCollana biblica 504 $aBibliografia: p. [155]-187. 630 04$aBiblia.$pV.T.$pPentateuchus$xCritica letteraria.$0(OLS)http://pul/subject/10255 830 0$aCollana biblica (Edizioni Dehoniane).$0(OLS)http://pul/title/43126 850 $aPUL 852 $aPUL$W1$xSL Religione 3$y85$m220 COLL 6.53$j199866$qDDC 21$B204626$CPULBib$Z2$F204626 $H136025 $82 941 1 $a9 996 $6020$a978-88-10-22195-2*$9(OLS)http://pul/number/168985 996 $6082$a221.6$9(OLS)http://pul/classification/519 996 $6245$a"I nostri Padri ci hanno raccontato" :$bintroduzione all'analisi dei racconti dell'Antico Testamento$9(OLS)http://pul/title/167236 996 $6260$aBologna :$bEDB$9(OLS)http://pul/publisher/56073 LEADER 01382nam a2200301 a 4500 001 000000172448 003 CaOOAMICUS 005 20190729154120.0 008 190729s2017 gau u000 u eng r 020 $z978-1-62837-186-4* 032 $aLibriCat 040 $aPUL$bita 245 00$aJohn and judaism : $ba contested relationship in context / $cedited by R. Alan Culpepper and Paul N. Anderson. 260 $aAtlanta :$bSBL Press,$cİ2017. 300 $aXIX, 442 p. ;$c23 cm 490 1 $aSociety of Biblical Literature. Resources for Biblical Study ;$v87 504 $aBibliografia in nota. 630 04$aBiblia.$pN.T.$pIohannes$xCritica e interpretazione.$0(OLS)http://pul/subject/37920 700 1 $aCulpepper, Richard Alan.$0(OLS)http://pul/name/97166 700 1 $aAnderson, Paul N.$0(OLS)http://pul/name/49198 830 0$aSociety of Biblical Literature.$pResources for Biblical Study ;$v87.$0(OLS)http://pul/title/167131 850 $aPUL 852 $aPUL$W1$xSL Religione 1$y3$m5 P 2.87$j196369$qStampati$B201134$CPULBib$Z2$F201134 $H133154 $82 941 1 $a8 996 $6020$z978-1-62837-186-4*$9(OLS)http://pul/number/166529 996 $6245$aJohn and judaism : $ba contested relationship in context / $9(OLS)http://pul/title/213388 996 $6260$aAtlanta :$bSBL Press$9(OLS)http://pul/publisher/85025